000 00201nam a22000857a 4500
100 _aJustin, C.M.
245 _aMaathrukayayi nottamala estate
260 _bRubber, 689(October): 18-19.
_c2023
942 _cJS
999 _c75162
_d75162